000 00612nam a22002177a 4500
003 UA-OsUOA
001 43058
007 ta
008 20061205b un ||||| |||| 00| 0 ukr d
100 _aНестеренко П.
090 _a73
_bН-11
942 _cSA
040 _aUA-OsUOA
_bukr
_cUA-OsUOA
_dUA-OsUOA
245 _aНайпрекрасніше - це людина. До 100-річчя від дня народження Михайла Лисенка
300 _aС.8-9
955 _a0
041 _aukr
080 _a73
773 0 _w43057
650 7 _a73 Пластичні мистецтва
_2UDC
999 _c329173
_d329173